000 00491nam a22001937a 4500
003 OSt
005 20160425151127.0
008 160425b xxu||||| |||| 00| 0 eng d
020 _a9781292652
040 _cDDC.
082 _a070IKE1991.
100 _aChukwuemeka ,Ike;
_98246
245 _aHow to Become a Published Writer.
260 _aNigeria.
_bHeinemann,
_c1991.
300 _avi,229p;
_bill;
_c22cm.
504 _aincludes index.
650 _aLiterature
_95843
942 _2ddc
_cSLOAN
999 _c3736
_d3736